01294nam a2200277Ia 4500008004100000020002200041040001800063041000800081111010700089245013500196260007800331300001800409504004200427650002300469650004800492650005400540650004600594650006000640650005600700650004600756700003400802700002700836700002300863700002300886711010700909130821s2010 ck gr spa  a978 958 8387 45 1 aCo-BoUCMbspa00aspa2 aReunión "Dialogues on Citizen Initiatives for Democratic Strengthening"d(2009cCartagena de Indias)00aCiudadanía activa iniciativas para fortalecer la democraciacJulio César Guanche...[et al.] ; editora Tatiana Grosh Obregón aCartagena (Bolívar, Colombia)bEdiciones Tecnológica de Bolivarc2010 a639 páginas aIncluye referencias bibliográficas. aCiencia política aCiudadaníavCongresos, conferencias, etc. aCultura políticavCongresos, conferencias, etc. aDemocraciavCongresos, conferencias, etc. aDesarrollo participativovCongresos, conferencias, etc. aSistemas políticosvCongresos, conferencias, etc. aSocialismovCongresos, conferencias, etc.1 aGrosh Obregón, Tatianaeed.1 aGuanche, Julio César1 aNúñez, Liliana1 aVelásquez, Fabio2 aReunión "Dialogues on Citizen Initiatives for Democratic Strengthening"d(2008cCartagena de Indias)